Bunte Flaggen der Welt - Statistiken

Allgemein
  • Dieses Quiz wurde 256 mal gespielt
  • Das Durchschnittsergebnis liegt bei 15 aus 24
Antwortstatistiken
Bildquiz Antwort % Korrekt
Portugal
92%
Mexiko
88%
Südafrika
88%
Sri Lanka
73%
Seychellen
72%
Uganda
71%
Vatikanstadt
70%
Moldawien
68%
Paraguay
66%
Fidschi
65%
Brunei
62%
Dominica
59%
Mosambik
58%
Antigua und Barbuda
53%
Eswatini
52%
Kiribati
52%
Südsudan
52%
Guyana
50%
Simbabwe
50%
Zentralafrikanische Republik
50%
Namibia
49%
Komoren
48%
Tuvalu
43%
St. Kitts und Nevis
40%
Keine übereinstimmenden Quizze gefunden
Verteilung der Resultate
Anzahl Personen mit jedem Resultat
Perzentil nach korrekt beantworteten Fragen
Ihre Resultats-Entwicklung
Sie haben dieses Quiz noch nicht gespielt